00756nam a2200229 a 450000100100000000500170001000800410002702000150006804000250008308200170010810000330012524500660015826000520022430000330027649000250030950000620033450400330039665000210042965000130045070000360046383000270049900002364420200930022352.0101216s1999 ve a r 000 0 spa d a980354070X aDO-SdBNPbspacBNPHU a135.3bA958L1 aÁvila Vega, José Alfredo10aLibro sagrado de los sueños /cJosé Alfredo Ávila Vega. aCaracas, Venezuela :bAlfadil Ediciones,c1999. a206, [2] p. :bil. ;c23 cm.1 aVida alternativav16 aIncluye datos del autor en la solapa de la contracubierta aBibliografías: p. 205-206. 4aParapsicología 4aSueños1 aInfante Daboín, Bernardoeed. 0aVida alternativa ;v16